Welcome to CU Library Online Public Access Catalogue (OPAC)

Organization change : (Record no. 6052)

MARC details
000 -LEADER
fixed length control field 00723cam a2200217 a 4500
001 - CONTROL NUMBER
control field 14801934
005 - DATE AND TIME OF LATEST TRANSACTION
control field 20250529172729.0
008 - FIXED-LENGTH DATA ELEMENTS--GENERAL INFORMATION
fixed length control field 070409s2008 caua b 001 0 eng
020 ## - INTERNATIONAL STANDARD BOOK NUMBER
International Standard Book Number 9781412926706 (pbk. : alk. paper)
050 00 - LIBRARY OF CONGRESS CALL NUMBER
Classification number HD58.8
Item number .B876 2008
082 00 - DEWEY DECIMAL CLASSIFICATION NUMBER
Classification number 658.4/06
Edition information 22
100 1# - MAIN ENTRY--PERSONAL NAME
Personal name Burke, W. Warner
Fuller form of name (Wyatt Warner),
Dates associated with a name 1935-
245 10 - TITLE STATEMENT
Title Organization change :
Remainder of title theory and practice /
Statement of responsibility, etc. W. Warner Burke.
250 ## - EDITION STATEMENT
Edition statement 2nd ed.
260 ## - PUBLICATION, DISTRIBUTION, ETC.
Place of publication, distribution, etc. Los Angeles :
Name of publisher, distributor, etc. Sage Publications,
Date of publication, distribution, etc. c2008.
300 ## - PHYSICAL DESCRIPTION
Extent xiv, 335 p. :
Other physical details ill. ;
Dimensions 23 cm.
650 #0 - SUBJECT ADDED ENTRY--TOPICAL TERM
Topical term or geographic name entry element Organizational change.
650 #0 - SUBJECT ADDED ENTRY--TOPICAL TERM
Topical term or geographic name entry element Leadership.
856 41 - ELECTRONIC LOCATION AND ACCESS
Materials specified Table of contents only
Uniform Resource Identifier <a href="http://www.loc.gov/catdir/toc/ecip0715/2007014779.html">http://www.loc.gov/catdir/toc/ecip0715/2007014779.html</a>
942 ## - ADDED ENTRY ELEMENTS (KOHA)
Source of classification or shelving scheme Library of Congress Classification
Koha item type Books
Suppress in OPAC No
999 ## -
-- 6052
-- 6052
Holdings
Withdrawn status Lost status Source of classification or shelving scheme Damaged status Not for loan Collection Home library Current library Shelving location Date acquired Total checkouts Full call number Barcode Date last seen Copy number Price effective from Koha item type
    Library of Congress Classification     Non-fiction Graduate Library (Christ Temple) Graduate Library (Christ Temple) General stacks 05/29/2025   HD 58.8.B876 BUR GSCT00001409 05/29/2025 1 05/29/2025 Books
    Library of Congress Classification     Non-fiction Graduate Library (Christ Temple) Graduate Library (Christ Temple) General stacks 05/29/2025   HD 58.8.B876 BUR GSCT00001410 05/29/2025 2 05/29/2025 Books
    Library of Congress Classification     Non-fiction Graduate Library (Christ Temple) Graduate Library (Christ Temple) General stacks 05/29/2025   HD 58.8.B876 BUR GSCT00001411 05/29/2025 3 05/29/2025 Books
    Library of Congress Classification     Non-fiction Graduate Library (Christ Temple) Graduate Library (Christ Temple) General stacks 05/29/2025   HD 58.8.B876 BUR GSCT00001412 05/29/2025 4 05/29/2025 Books
    Library of Congress Classification     Non-fiction Graduate Library (Christ Temple) Graduate Library (Christ Temple) General stacks 05/29/2025   HD 58.8.B876 BUR GSCT00001413 05/29/2025 5 05/29/2025 Books
© 2023-2024 Copyright: Central University Libraries. All Rights Reserved | Created by: Mahone Tech Office